The Three Little Pigs (Record no. 642)

MARC details
000 -LEADER
fixed length control field 00345nam a22001457a 4500
003 - CONTROL NUMBER IDENTIFIER
control field OSt
005 - DATE AND TIME OF LATEST TRANSACTION
control field 20160727222405.0
008 - FIXED-LENGTH DATA ELEMENTS--GENERAL INFORMATION
fixed length control field 160623b xxu||||| |||| 00| 0 eng d
040 ## - CATALOGING SOURCE
Transcribing agency Test
100 ## - MAIN ENTRY--PERSONAL NAME
9 (RLIN) 800
Personal name Lambert, S.A
245 ## - TITLE STATEMENT
Title The Three Little Pigs
260 ## - PUBLICATION, DISTRIBUTION, ETC. (IMPRINT)
Place of publication, distribution, etc. Lon
Name of publisher, distributor, etc. Ladybird
Date of publication, distribution, etc. MCMXVIII
300 ## - PHYSICAL DESCRIPTION
Extent The Three Little Pigs
942 ## - ADDED ENTRY ELEMENTS (KOHA)
Source of classification or shelving scheme Dewey Decimal Classification
Koha item type BOOK
Holdings
Withdrawn status Lost status Source of classification or shelving scheme Damaged status Not for loan Home library Current library Shelving location Date acquired Total Checkouts Full call number Barcode Date last seen Price effective from Koha item type
    Dewey Decimal Classification     Good Samaritan School Library Good Samaritan School Library   06/23/2016   96 LAM1506 06/23/2016 06/23/2016 BOOK

Powered by Koha